[Event "Steinfurt Bezirksklasse 1011"]
[Site "Germany"]
[Date "2011.02.05"]
[Round "6.7"]
[White "Loheide, Tobias"]
[Black "Fredrich, Bjoern"]
[Result "0-1"]
[WhiteElo "932"]
[BlackElo "1118"]
[PlyCount "66"]
[EventDate "2010.09.25"]
[EventType "team-tourn"]
[EventRounds "9"]
[EventCountry "GER"]
[SourceTitle "EXT 2012"]
[Source "ChessBase"]
[SourceDate "2011.11.24"]
[SourceVersion "1"]
[SourceVersionDate "2011.11.24"]
[SourceQuality "1"]
[WhiteTeam "Saerbeck III"]
[BlackTeam "Emsdetten Rochade IV"]
[WhiteTeamCountry "GER"]
[BlackTeamCountry "GER"]

1. d4 d5 2. Nc3 Nf6 3. Bf4 a6 4. Nf3 e6 5. e3 Nc6 6. Bd3 Bb4 7. 0-0 Bd7 8. Qd2 0-0 9. a3 Be7 10. Ng5 g6 11. Rab1 Nh5 12. Na4 Nxf4 13. exf4 Nxd4 14. c3 Nb3 15. Qc2 Bxa4 16. Rbd1 Qd6 17. c4 Qxf4 18. Nh3 Qh4 19. Rfe1 Nc5 20. Qc3 Bxd1 21. Rxd1 Rad8 22. Qa5 b6 23. Qd2 dxc4 24. b4 Rxd3 25. Qc2 Rxd1+ 26. Qxd1 Rd8 27. Qe1 Nb3 28. Qe2 a5 29. b5 Bxa3 30. g4 Qxh3 31. f3 Bc5+ 32. Kh1 Rd2 33. Qe1 Qg2# 0-1

[Event "Steinfurt Bezirksklasse 1011"]
[Site "Germany"]
[Date "2010.09.25"]
[Round "1.8"]
[White "Sandmann, Guenter"]
[Black "Loheide, Tobias"]
[Result "1-0"]
[WhiteElo "1308"]
[BlackElo "932"]
[PlyCount "83"]
[EventDate "2010.09.25"]
[EventType "team-tourn"]
[EventRounds "9"]
[EventCountry "GER"]
[SourceTitle "EXT 2012"]
[Source "ChessBase"]
[SourceDate "2011.11.24"]
[SourceVersion "1"]
[SourceVersionDate "2011.11.24"]
[SourceQuality "1"]
[WhiteTeam "Nordwalde II"]
[BlackTeam "Saerbeck III"]
[WhiteTeamCountry "GER"]
[BlackTeamCountry "GER"]

1. d4 d5 2. c4 e6 3. Nf3 Nc6 4. Bg5 Be7 5. Bxe7 Qxe7 6. a3 Nf6 7. e3 0-0 8. Bd3 b6 9. 0-0 Ba6 10. cxd5 Nxd5 11. Bxa6 Rab8 12. Bb5 Na5 13. b4 Nb7 14. Ne5 Rfd8 15. Nc6 Qd7 16. a4 Re8 17. Nxb8 Qd6 18. Bxe8 Qxb4 19. Qd2 Qd6 20. Bc6 Na5 21. Bxd5 exd5 22. Qc2 c6 23. Na6 f6 24. Rc1 Kf7 25. Nb4 Qxb4 26. Nd2 f5 27. Rab1 Qa3 28. Nb3 Nc4 29. Qxf5+ Ke7 30. Qc8 Qxa4 31. g3 g6 32. h4 Kf6 33. Rd1 Kg7 34. Nd2 Nd6 35. Qc7+ Kf8 36. Qxd6+ Kf7 37. Rbc1 Qa5 38. Nb3 Qa4 39. Rxc6 a6 40. Qf6+ Ke8 41. Rc7 b5 42. Qh8# 1-0